000 00300nam a22001337a 4500
008 181219b xxu||||| |||| 00| 0 eng d
020 _a9780470038567
041 _aeng
080 _a004
100 _a37
101 _aSHK
245 _aMail And Internet Suveys
_cDillman.D.A
942 _2udc
_cBK
999 _c53528
_d53528